Green Day - Revolution Radio Songs - Statistics

General Stats
  • This quiz has been taken 67 times
  • The average score is 9 of 12
Answer Stats
Listens Song % Correct
58,258,446 Revolution Radio
100%
85,802,268 Bang Bang
98%
108,414,412 Still Breathing
85%
30,176,585 Ordinary World
78%
14,604,514 Outlaws
73%
14,287,180 Somewhere Now
73%
12,439,002 Bouncing Off The Wall
71%
14,079,197 Forever Now
71%
19,770,457 Too Dumb To Die
71%
23,301,224 Youngblood
71%
18,406,171 Say Goodbye
68%
17,361,718 Troubled Times
61%
No matching quizzes found
Score Distribution
Percent of People with Each Score
Percentile by Number Answered
Your Score History
You have not taken this quiz